| 000 | 00657nam a2200157 4500 | ||
|---|---|---|---|
| 999 |
_c5933 _d5933 |
||
| 008 | 161202b xxu||||| |||| 00| 0 eng d | ||
| 022 | _a16551516 | ||
| 082 | _aDPer 330.5 P53 June-Dec 2014 V. 51 n. 1 & 2 | ||
| 100 |
_917998 _aCanales, Kristine Laura S. |
||
| 245 |
_aThe effects of a minimum wage on employment outcomes: _ban application of regression discontinuity design/ _cKristine Laura S. Canales. |
||
| 260 |
_aPhilippines: _bUP School of Economics/ The Phil. Economic Society, _c©2014. |
||
| 300 |
_aV51 n2, pages 97-120; _c24 cm. |
||
| 500 | _aPhilippine review of economics. | ||
| 650 | 0 |
_917999 _aSalaries, wages, etc. |
|
| 942 |
_2ddc _cPER |
||